La risa : etapas en la narrativa femenina en México y Alemania, una aproximación /

में बचाया:
ग्रंथसूची विवरण
मुख्य लेखक: Schmidt, Heide
स्वरूप: अज्ञात
भाषा:Spanish
विषय:
टैग: टैग जोड़ें
कोई टैग नहीं, इस रिकॉर्ड को टैग करने वाले पहले व्यक्ति बनें!

MARC

LEADER 000000000a22000000004500
001 008742
041 0 |a spa 
100 1 |a Schmidt, Heide 
245 1 3 |a La risa :   |b etapas en la narrativa femenina en México y Alemania, una aproximación /   |c Heide Schmidt. 
310 |a Semestral 
650 4 |a LITERATURA HISPANOAMERICANA 
650 4 |a HISTORIA Y CRITICA 
650 4 |a PUBLICACIONES PERIODICAS 
650 4 |a LITERATURA 
650 4 |a MUJERES EN LA LITERATURA 
650 4 |a MUJERES COMO AUTORAS 
773 0 |x 1011-7989  |d Venezuela : Universidad Central de Venezuela  |t Escritura, teoría y crítica literarias  |g volumen 16, número 31-32 (1991), páginas 247-257 
942 |c ARC 
999 |c 14849  |d 14849